[Event "Paracin Summer op-B 10th"]
[Site "Paracin"]
[Date "2017.07.12"]
[Round "7"]
[White "Jakovljevic, Dejan"]
[Black "Dragojevic, Dragan"]
[Result "1/2-1/2"]
[WhiteElo "2087"]
[BlackElo "1927"]
[PlyCount "120"]
[EventDate "2017.07.07"]
[EventType "swiss"]
[EventRounds "9"]
[EventCountry "SRB"]
[SourceTitle "EXT 2020"]
[Source "ChessBase"]
[SourceDate "2019.10.17"]
[SourceVersion "1"]
[SourceVersionDate "2019.10.17"]
[SourceQuality "1"]

1. e4 e5 2. Nf3 Nc6 3. Bc4 g6 4. d4 Bg7 5. Bg5 f6 6. Bh4 exd4 7. Nxd4 Qe7 8. 0-0 Nxd4 9. Qxd4 g5 10. Bxg8 Rxg8 11. Bg3 f5 12. Qd5 Qe6 13. Bxc7 Bxb2 14. Nd2 Bxa1 15. Rxa1 Qxd5 16. exd5 b5 17. Re1+ Kf7 18. Nf3 a5 19. d6 Kg6 20. h3 Rg7 21. h4 h6 22. Bb6 Bb7 23. Bd4 Rh7 24. Ne5+ Kh5 25. hxg5 Kxg5 26. Re3 f4 27. Rb3 b4 28. a3 Bd5 29. c4 bxc3 30. Rxc3 Kf5 31. Rc5 Ke6 32. Nd3 Rf7 33. Be5 Rf5 34. Bxf4 Rb8 35. Rxa5 Rb1+ 36. Kh2 Rh5+ 37. Kg3 Rb3 38. Kg4 Rxd3 39. Kxh5 Bxg2 40. Kxh6 Bd5 41. Kg5 Rf3 42. Bg3 Rf5+ 43. Kg6 Rf6+ 44. Kg7 Rf7+ 45. Kg8 Rf5 46. Rc5 Kf6+ 47. Rxd5 Rxd5 48. Kf8 Ra5 49. Ke8 Rxa3 50. Kd8 Ke6 51. Kc7 Rc3+ 52. Kb6 Kd5 53. Bf4 Rf3 54. Bg3 Rc3 55. Kb7 Rb3+ 56. Kc7 Ke6 57. Kc8 Rc3+ 58. Kb7 Kf7 59. Kb6 Ke8 60. Kb7 Rc4 1/2-1/2

[Event "Paracin Summer op-B 10th"]
[Site "Paracin"]
[Date "2017.07.08"]
[Round "3"]
[White "Dragojevic, Dragan"]
[Black "Sade, Defne"]
[Result "1-0"]
[WhiteElo "1927"]
[BlackElo "1654"]
[PlyCount "123"]
[EventDate "2017.07.07"]
[EventType "swiss"]
[EventRounds "9"]
[EventCountry "SRB"]
[SourceTitle "EXT 2020"]
[Source "ChessBase"]
[SourceDate "2019.10.17"]
[SourceVersion "1"]
[SourceVersionDate "2019.10.17"]
[SourceQuality "1"]

1. e4 e5 2. Nf3 Nc6 3. Bc4 Bc5 4. 0-0 d6 5. h3 Nf6 6. d3 h6 7. c3 0-0 8. b4 Bb6 9. a4 a5 10. b5 Ne7 11. Qe2 Ng6 12. Be3 Nf4 13. Bxf4 exf4 14. Kh2 Be6 15. Nbd2 Kh8 16. e5 dxe5 17. Bxe6 fxe6 18. Nxe5 Qe8 19. Ndf3 Qh5 20. d4 g5 21. g4 Qe8 22. Nd2 Kg7 23. Ne4 Nd7 24. Nf3 e5 25. d5 Rd8 26. Qc4 Qe7 27. Rfe1 Rfe8 28. Kg2 Qf7 29. Red1 Nf6 30. Nxf6 Qxf6 31. Rd4 Re7 32. Re1 Rde8 33. Qe2 Bc5 34. Nd2 Bd6 35. f3 b6 36. Rc4 Qf7 37. Qe4 Rd7 38. Rc6 Bc5 39. c4 Bd6 40. Re2 Bb4 41. Nb3 Ree7 42. Nc1 Bc5 43. Rxc5 bxc5 44. Nb3 Qg6 45. Nxa5 Qxe4 46. Rxe4 Re8 47. Nb3 Kf6 48. a5 h5 49. Nxc5 Rh7 50. Re1 hxg4 51. Ne4+ Kg6 52. fxg4 f3+ 53. Kg3 Rf7 54. a6 f2 55. Nxf2 Ref8 56. Re2 Rf3+ 57. Kg2 Rc3 58. Ra2 Rxc4 59. Nd3 Kf6 60. a7 Ra8 61. Ra6+ Ke7 62. Nxe5 1-0

[Event "SRB-chT2 East"]
[Site "Leskovac"]
[Date "2014.09.28"]
[Round "6.2"]
[White "Dragojevic, Dragan"]
[Black "Jonic, Vladimir"]
[Result "1/2-1/2"]
[WhiteElo "1966"]
[BlackElo "2192"]
[PlyCount "55"]
[EventDate "2014.09.25"]
[EventType "team-swiss"]
[EventRounds "6"]
[EventCountry "SRB"]
[SourceTitle "EXT 2015"]
[Source "ChessBase"]
[SourceDate "2014.11.20"]
[SourceVersion "1"]
[SourceVersionDate "2014.11.20"]
[SourceQuality "1"]

1. e4 c5 2. f4 d6 3. Bc4 e6 4. Nc3 Nc6 5. Nf3 Nf6 6. d4 Nxe4 7. Nxe4 d5 8. Bxd5 Qxd5 9. Nc3 Qc4 10. Qe2 Qxe2+ 11. Nxe2 Nxd4 12. Nexd4 cxd4 13. Nxd4 Bd7 14. Be3 Bb4+ 15. c3 Bc5 16. Rd1 0-0-0 17. Nf5 Bxe3 18. Nxe3 Bc6 19. Kf2 h5 20. Rxd8+ Rxd8 21. Rd1 Rxd1 22. Nxd1 Kc7 23. Ne3 f6 24. g4 hxg4 25. Nxg4 Kd6 26. h4 Be8 27. Ke3 Kd5 28. Kd3 1/2-1/2

[Event "SRB-chT2 East"]
[Site "Leskovac"]
[Date "2014.09.26"]
[Round "2.5"]
[White "Pavlovic, Branka"]
[Black "Dragojevic, Dragan"]
[Result "0-1"]
[WhiteElo "1829"]
[BlackElo "1966"]
[PlyCount "50"]
[EventDate "2014.09.25"]
[EventType "team-swiss"]
[EventRounds "6"]
[EventCountry "SRB"]
[SourceTitle "EXT 2015"]
[Source "ChessBase"]
[SourceDate "2014.11.20"]
[SourceVersion "1"]
[SourceVersionDate "2014.11.20"]
[SourceQuality "1"]

1. e4 e5 2. Nf3 Nc6 3. Bc4 Bc5 4. c3 Qe7 5. a4 Bxf2+ 6. Kxf2 Qc5+ 7. d4 Qxc4 8. Nbd2 Qa6 9. d5 Nce7 10. Nxe5 f5 11. Re1 d6 12. Qg4 g6 13. Nxg6 Nf6 14. Qh4 Ng4+ 15. Kg1 Qb6+ 16. Kf1 Nxg6 17. exf5+ Ne3+ 18. Rxe3+ Qxe3 19. fxg6 Bf5 20. Qf2 Bd3+ 21. Kg1 Qxf2+ 22. Kxf2 hxg6 23. h3 0-0+ 24. Ke3 Bf1 25. c4 Rae8+ 0-1

[Event "SRB Central-ch op-B 7th"]
[Site "Paracin"]
[Date "2014.07.08"]
[Round "5"]
[White "Mijajlovic, Milutin"]
[Black "Dragojevic, Dragan"]
[Result "1/2-1/2"]
[WhiteElo "1750"]
[BlackElo "1953"]
[PlyCount "87"]
[EventDate "2014.07.04"]
[EventType "swiss"]
[EventRounds "9"]
[EventCountry "SRB"]
[SourceTitle "CBM 161 Extra"]
[Source "ChessBase"]
[SourceDate "2014.08.29"]
[SourceVersion "1"]
[SourceVersionDate "2014.08.29"]
[SourceQuality "1"]

1. e4 e5 2. Nf3 Nc6 3. Bc4 Bc5 4. c3 Qe7 5. 0-0 Nf6 6. d3 d6 7. h3 h6 8. a4 a5 9. d4 Ba7 10. d5 Nb8 11. Bb5+ Bd7 12. Bxd7+ Nbxd7 13. Re1 g5 14. Nh2 Nf8 15. Nd2 Ng6 16. Ndf1 Nf4 17. Ng3 Qd7 18. Be3 h5 19. Bxa7 Rxa7 20. Qc2 Rg8 21. Nf5 Ng6 22. c4 Ne7 23. Re3 Nxf5 24. exf5 Kf8 25. f3 Ra8 26. g4 h4 27. Raa3 Kg7 28. Qe2 Rge8 29. Reb3 Kh6 30. Rxb7 Reb8 31. Rb5 c6 32. dxc6 Qxc6 33. Rc3 Rd8 34. Qe3 Nd7 35. b3 Nc5 36. Nf1 f6 37. Nd2 Ra6 38. Ne4 Nxe4 39. fxe4 Kg7 40. Qd3 Kf7 41. Kf2 Ke7 42. Ke3 Rd7 43. Kd2 Raa7 44. Qe3 1/2-1/2

[Event "SRB-chT2 East"]
[Site "Zajecar"]
[Date "2013.10.11"]
[Round "2"]
[White "Tonic, Milos"]
[Black "Dragojevic, Dragan"]
[Result "1/2-1/2"]
[WhiteElo "1988"]
[BlackElo "1960"]
[PlyCount "72"]
[EventDate "2013.10.10"]
[EventType "team-swiss"]
[EventRounds "8"]
[EventCountry "SRB"]
[SourceTitle "EXT 2014"]
[Source "ChessBase"]
[SourceDate "2013.11.20"]
[SourceVersion "1"]
[SourceVersionDate "2013.11.20"]
[SourceQuality "1"]

1. c4 Nf6 2. Nc3 d5 3. cxd5 Nxd5 4. Nf3 c5 5. g3 e6 6. Bg2 Be7 7. 0-0 Nc6 8. a3 0-0 9. e4 Nc7 10. d3 e5 11. Be3 Bg4 12. h3 Be6 13. Qe2 Qd7 14. Kh2 Rad8 15. Rfd1 Bb3 16. Rd2 f6 17. Nh4 Rfe8 18. Rc1 Ne6 19. Nf5 Bf8 20. Nd5 Ned4 21. Bxd4 Bxd5 22. Bc3 Be6 23. Ne3 b5 24. b4 cxb4 25. axb4 Bxb4 26. Bxb4 Nxb4 27. d4 exd4 28. Rcd1 d3 29. Qh5 a5 30. Bf1 Bb3 31. Rb1 Bc4 32. Nxc4 bxc4 33. Qxa5 c3 34. Qxb4 cxd2 35. Qxd2 Rxe4 36. Rd1 Rd4 1/2-1/2

[Event "SRB-chT3 East CS"]
[Site "Serbia"]
[Date "2012.09.28"]
[Round "1.26"]
[White "Milosevic, Jovana"]
[Black "Dragojevic, Dragan"]
[Result "1-0"]
[WhiteElo "1787"]
[BlackElo "1946"]
[PlyCount "72"]
[EventDate "2012.09.28"]
[EventType "team"]
[EventRounds "10"]
[EventCountry "SRB"]
[SourceTitle "EXT 2015"]
[Source "ChessBase"]
[SourceDate "2014.11.20"]
[SourceVersion "1"]
[SourceVersionDate "2014.11.20"]
[SourceQuality "1"]

1. e4 e5 2. Nf3 Nc6 3. Bb5 a6 4. Ba4 Nf6 5. 0-0 b5 6. Bb3 Be7 7. Re1 Bc5 8. h3 h6 9. c3 Qe7 10. d3 d6 11. Nbd2 0-0 12. Nf1 Na5 13. Bc2 Bb6 14. d4 c5 15. dxe5 dxe5 16. b3 Nc6 17. Be3 Ba5 18. Bd2 Qc7 19. Rc1 Ne7 20. Nh4 Be6 21. Qf3 Rad8 22. b4 Bb6 23. Bxh6 Ne8 24. Be3 cxb4 25. cxb4 Nc8 26. Nf5 Bxf5 27. exf5 Qe7 28. Qg3 Bxe3 29. Rxe3 Qxb4 30. Qxe5 Nf6 31. Rb3 Qd4 32. Qxd4 Rxd4 33. Ra3 Rd6 34. Ne3 Rc6 35. Rd1 Re8 36. Kf1 Re5 1-0

[Event "SRB Central-ch op-B 5th"]
[Site "Paracin"]
[Date "2012.07.11"]
[Round "7"]
[White "Milutinovic, Stefana"]
[Black "Dragojevic, Dragan"]
[Result "1/2-1/2"]
[WhiteElo "1896"]
[BlackElo "1968"]
[PlyCount "43"]
[EventDate "2012.07.06"]
[EventType "swiss"]
[EventRounds "9"]
[EventCountry "SRB"]
[SourceTitle "CBM 149 Extra"]
[Source "ChessBase"]
[SourceDate "2012.08.24"]
[SourceVersion "1"]
[SourceVersionDate "2012.08.24"]
[SourceQuality "1"]

1. d4 Nf6 2. c4 b6 3. Nf3 Bb7 4. g3 g6 5. Bg2 Bg7 6. Nc3 0-0 7. 0-0 e6 8. d5 d6 9. e4 e5 10. Nd2 Nh5 11. Qe2 Bc8 12. b4 a5 13. bxa5 Rxa5 14. Nb3 Ra8 15. a4 Nd7 16. a5 bxa5 17. Nxa5 Nb6 18. Nc6 Qd7 19. Rxa8 Nxa8 20. c5 Re8 21. cxd6 cxd6 22. Be3 1/2-1/2

[Event "SRB Central-ch op-B 5th"]
[Site "Paracin"]
[Date "2012.07.10"]
[Round "6"]
[White "Dragojevic, Dragan"]
[Black "Janzelj, Lara"]
[Result "1-0"]
[WhiteElo "1968"]
[BlackElo "1745"]
[PlyCount "67"]
[EventDate "2012.07.06"]
[EventType "swiss"]
[EventRounds "9"]
[EventCountry "SRB"]
[SourceTitle "CBM 149 Extra"]
[Source "ChessBase"]
[SourceDate "2012.08.24"]
[SourceVersion "1"]
[SourceVersionDate "2012.08.24"]
[SourceQuality "1"]

1. e4 d5 2. exd5 Qxd5 3. Nf3 Nf6 4. d4 Bg4 5. Be2 e6 6. 0-0 Be7 7. c4 Qd8 8. Qb3 b6 9. Nc3 0-0 10. Bf4 Nbd7 11. Rad1 Bd6 12. Bg5 h6 13. Be3 Qe7 14. Rfe1 a5 15. a3 Rab8 16. Qc2 e5 17. Nh4 Bxe2 18. Nf5 Qe8 19. Rxe2 Nh7 20. Ne4 Be7 21. Neg3 f6 22. f4 Rf7 23. Qe4 Bf8 24. fxe5 fxe5 25. Qg4 Kh8 26. Bf4 Ndf6 27. Qg6 e4 28. Be5 Qd7 29. Rf1 Bd6 30. Nxe4 Bxe5 31. dxe5 Nxe4 32. e6 Qc6 33. Qxf7 Rg8 34. Qxg8+ 1-0

[Event "SRB Central-ch op-B 5th"]
[Site "Paracin"]
[Date "2012.07.10"]
[Round "5"]
[White "Vaskovic, Dragan"]
[Black "Dragojevic, Dragan"]
[Result "0-1"]
[WhiteElo "1823"]
[BlackElo "1968"]
[PlyCount "101"]
[EventDate "2012.07.06"]
[EventType "swiss"]
[EventRounds "9"]
[EventCountry "SRB"]
[SourceTitle "CBM 149 Extra"]
[Source "ChessBase"]
[SourceDate "2012.08.24"]
[SourceVersion "1"]
[SourceVersionDate "2012.08.24"]
[SourceQuality "1"]

1. Nf3 d5 2. d4 Nf6 3. Bg5 Ne4 4. Bh4 Nd7 5. e3 c6 6. Nbd2 Ndf6 7. Be2 Qb6 8. Rb1 Bf5 9. 0-0 h6 10. Ne5 Nxd2 11. Qxd2 g5 12. Bg3 h5 13. f3 Bh6 14. Bd3 Be6 15. c3 h4 16. Bf2 0-0-0 17. Qc2 Nd7 18. Ng4 Bg7 19. Bf5 Rdg8 20. e4 Bxf5 21. exf5 Qc7 22. Rfe1 Nf6 23. Ne5 Rf8 24. Re2 Nh5 25. Ng4 Nf4 26. Re3 Re8 27. Rd1 e6 28. a3 Qd7 29. f6 Bf8 30. b4 Bd6 31. Qa4 h3 32. Bg3 Nxg2 33. Ne5 Bxe5 34. Bxe5 b6 35. Rde1 Nxe1 36. Rxe1 g4 37. fxg4 Reg8 38. Qd1 Rh4 39. Bg3 Rhxg4 40. Qd3 R8g6 41. Rf1 Kb7 42. a4 Qd8 43. b5 cxb5 44. Qxb5 Qc7 45. Rf3 Rxg3+ 46. Rxg3 Rxg3+ 47. hxg3 Qxg3+ 48. Kf1 Qf3+ 49. Ke1 Qxc3+ 50. Kf2 Qxd4+ 51. Kg3 0-1

[Event "SRB Central-ch op-B 5th"]
[Site "Paracin"]
[Date "2012.07.07"]
[Round "2"]
[White "Dragojevic, Dragan"]
[Black "Milutinovic, Bojan"]
[Result "0-1"]
[WhiteElo "1968"]
[BlackElo "1815"]
[PlyCount "60"]
[EventDate "2012.07.06"]
[EventType "swiss"]
[EventRounds "9"]
[EventCountry "SRB"]
[SourceTitle "CBM 149 Extra"]
[Source "ChessBase"]
[SourceDate "2012.08.24"]
[SourceVersion "1"]
[SourceVersionDate "2012.08.24"]
[SourceQuality "1"]

1. e4 c5 2. f4 Nc6 3. Nf3 d6 4. Bc4 g6 5. 0-0 Bg7 6. c3 e6 7. Qe2 Nge7 8. d3 0-0 9. a4 d5 10. Bb3 Qb6 11. Bc2 d4 12. c4 e5 13. b3 Bg4 14. h3 Bxf3 15. Qxf3 f5 16. Ra2 Nb4 17. Rb2 exf4 18. e5 Bxe5 19. Bd1 Nec6 20. Re2 Qc7 21. Rfe1 Bd6 22. Na3 a6 23. Bd2 Ne5 24. Rxe5 Bxe5 25. Bxb4 cxb4 26. Nc2 Bd6 27. Qd5+ Kg7 28. Qxd4+ Kh6 29. Qf2 Rae8 30. Nd4 Re7 0-1

[Event "SRB Central-ch op-B 5th"]
[Site "Paracin"]
[Date "2012.07.06"]
[Round "1"]
[White "Nestorovic, Katarina"]
[Black "Dragojevic, Dragan"]
[Result "0-1"]
[WhiteElo "1403"]
[BlackElo "1968"]
[PlyCount "66"]
[EventDate "2012.07.06"]
[EventType "swiss"]
[EventRounds "9"]
[EventCountry "SRB"]
[SourceTitle "CBM 149 Extra"]
[Source "ChessBase"]
[SourceDate "2012.08.24"]
[SourceVersion "1"]
[SourceVersionDate "2012.08.24"]
[SourceQuality "1"]

1. e4 e5 2. Nc3 Nf6 3. Bc4 Bc5 4. Nf3 Nc6 5. d3 0-0 6. Bg5 h6 7. Bxf6 Qxf6 8. Nd5 Qd8 9. c3 d6 10. b4 Bb6 11. a4 a6 12. Nxb6 cxb6 13. h3 Ne7 14. 0-0 Ng6 15. d4 Qe7 16. Qe2 Qc7 17. dxe5 dxe5 18. Qa2 Bd7 19. Qb3 Nf4 20. Rfd1 Rae8 21. b5 Be6 22. Bxe6 Rxe6 23. c4 Rc8 24. Nd2 Rg6 25. g4 h5 26. Qf3 hxg4 27. hxg4 Qe7 28. Ra3 Qh4 29. Kf1 Rxg4 30. Rc1 Qg5 31. Qh1 Rh4 32. Qg1 Qh5 33. Rg3 Qe2# 0-1